000 01008nam a2200265Ia 4500
003 OSt
005 20210512131233.0
008 210310s1942 mx gr 000 0 spa d
040 _aCO-JMCR
_cCO-JMCR
041 1 _aspa
_heng
082 0 4 _a330.943 /
_bS762h
_223
100 1 _aStolper, Gustav,
_eautor
_926148
245 1 0 _aHistoria económica de Alemania de :
_b1870 a 1940 /
_cGustav Stolper ; versión española de Raúl Martínez Ostos
250 _aPrimera edición
260 _aMéxico :
_bFondo de Cultura Económica,
_c1942.
300 _a258 páginas ;
_c18 cm.
490 0 _aSección de obras económicas
500 _aIncluye índices.
505 0 _aHacia la dominación industrial del mundo. -- La guerra mundial. -- La republica de Weimar. -- El tercer Reich.
650 1 4 _aEconomía
_zAlemana
_926150
650 2 4 _aEstados federados
_xEconomía
_937571
650 2 4 _aFinanzas de la guerra
_y1918
_937572
700 1 _aMartínez Ostos, Raúl,
_etraductor
_937573
942 _2ddc
_cBK
999 _c11672
_d11672